| 000 | 00902nam a22002297a 4500 | ||
|---|---|---|---|
| 999 |
_c1039 _d1039 |
||
| 003 | AR-CdUCM | ||
| 008 | 190226b ||||| |||| 00| 0 spa d | ||
| 020 | _a9862301297 | ||
| 040 |
_aMUNICIPALIDAD PROVINCIAL DEL CUSCO _cBIBLIOTECA MUNICIPAL DEL CUSCO |
||
| 082 |
_a330.1 / _bN24 |
||
| 100 |
_aNapoleoni, Claudio _94050 |
||
| 245 | _aEl futuro del capitalismo / | ||
| 260 |
_aMéxico : _bSiglo XXI _c1978. |
||
| 300 |
_a301 páginas ; _c20 cm. |
||
| 440 |
_aBiblioteca el pensamiento socialista _94051 |
||
| 505 | _aAumento de necesidades del hombre social y limites de la producción -- De la tendencia de las ganancias hacia un mínimo -- Consecuencias de las tendencias de ganancias -- perspectivas económicas de nuestros nietos... | ||
| 650 |
_aCapitalismo. _93221 |
||
| 650 |
_aGanancias. _94052 |
||
| 650 |
_aCapitalismo futurista. _94053 |
||
| 942 |
_2ddc _cLIBROS |
||
| 945 |
_awfj _d2019-02-26 |
||